Growth performance of five year-old hevea brasiliensis clone at Kemasul Forest Plantation Project, Pahang

Bibliographic Details
Main Author: ROSILAN Said
Format: Book
Published: Serdang, Selangor : UPM , 2000
Subjects:

MARC

LEADER 00000cam a2200000 7i4500
001 0000000357
005 20140405.0
090 0 0 |a R THE633.895209595123   |b ROS 2000 
100 0 0 |a ROSILAN Said 
245 1 0 |a Growth performance of five year-old hevea brasiliensis clone at Kemasul Forest Plantation Project, Pahang   |c Rosilan Said 
260 0 0 |a Serdang, Selangor :   |b UPM ,   |c 2000 
300 |a xii, 73 p. ;   |c 30 cm. 
500 0 0 |a Bibliography: [p. 68-71]   |a Bachelor of Forestry Science - Universiti Putra Malaysia, 2000 
650 0 0 |a Hevea   |z Pahang 
998 |a JPSM 
999 |a 0000001589   |b Monograph   |c Reference   |e Default branch